LIBRARY & INFORMATION CENTRE, KCAET, TAVANUR

ONLINE PUBLIC ACCESS CATALOGUE (OPAC)

Elements of the differential and integral calculus / (Record no. 9245)

MARC details
000 -LEADER
fixed length control field 00582cam a2200205ua 4500
041 ## - LANGUAGE CODE
Language code of text/sound track or separate title eng
082 ## - DEWEY DECIMAL CLASSIFICATION NUMBER
Classification number 515.3
Item number GRA/EL
100 ## - MAIN ENTRY--AUTHOR NAME
Personal name Granville, William Anthony .
245 ## - TITLE STATEMENT
Title Elements of the differential and integral calculus /
250 ## - EDITION STATEMENT
Edition statement 1 /
260 ## - PUBLICATION, DISTRIBUTION, ETC. (IMPRINT)
Place of publication New Delhi :
Name of publisher Oxford & IBH Publishing company ,
Year of publication 1965.
300 ## - PHYSICAL DESCRIPTION
Number of Pages 556 ; .
700 1# - ADDED ENTRY--PERSONAL NAME
Personal name Longley, William Raymond .
700 1# - ADDED ENTRY--PERSONAL NAME
Personal name Smith, Pearcey F .
942 ## - ADDED ENTRY ELEMENTS (KOHA)
Koha item type Books
Holdings
Withdrawn status Lost status Damaged status Home library Current library Date acquired Full call number Accession Number Koha item type
Withdrawn     KAUAET KAUAET 07/04/2012 515.3 10878 Books
free website counter